| 000 | 01018nam a22002297a 4500 | ||
|---|---|---|---|
| 005 | 20210414113947.0 | ||
| 008 | 120529t xxu||||| |||| 00| 0 eng d | ||
| 020 | _a13: 9781423901396 | ||
| 050 | _aHF5548.M525.B732 | ||
| 100 | _aBrady, Joseph A. | ||
| 245 |
_aProblem-solving cases in microsoft access and excel. / _cJoseph Brady and Ellen F. Monk |
||
| 250 | _a5 th edition | ||
| 260 |
_aAustralia: _bThomson Course Technology, _c2008. |
||
| 300 |
_aviii, 230 p. : _bill. ; _c27.5 cm. |
||
| 500 | _aIncludes index. | ||
| 505 | _aContents: Database cases using access -- Decision support cases using excel scenario manager -- Decision support cases using the excel solver -- Decision support cases using basic excel functionality -- Integration case: using access and excel -- Advanced excel skills using excel -- Presentation skills. | ||
| 650 | _aMicrosoft Access. | ||
| 650 | _a Microsoft Excel (Computer file) | ||
| 650 |
_a Business _x Computer programs. |
||
| 700 | _aMonk, Ellen F. | ||
| 942 |
_2lcc _cBK |
||
| 999 |
_c995 _d8495 |
||